000 00313nam a22001337a 4500
008 171025b xxu||||| |||| 00| 0 eng d
020 _a0878721428
041 _aeng
080 _23RD
_a331
100 _a55
101 _aSTA
245 _aSTATISTICS FOR MANAGEMENT AND ECONOMICS
_cMENDENHALL,W
942 _2udc
_cBK
999 _c35959
_d35959